<?xml version="1.0" encoding="UTF-8"?>
<record
    xmlns:xsi="http://www.w3.org/2001/XMLSchema-instance"
    xsi:schemaLocation="http://www.loc.gov/MARC21/slim http://www.loc.gov/standards/marcxml/schema/MARC21slim.xsd"
    xmlns="http://www.loc.gov/MARC21/slim">

  <leader>00856nam a2200181Ia 4500</leader>
  <controlfield tag="008">100921s9999    xx            000 0 und d</controlfield>
  <datafield tag="082" ind1=" " ind2=" ">
    <subfield code="b">32355</subfield>
    <subfield code="a">796 &#x928; 00</subfield>
  </datafield>
  <datafield tag="100" ind1=" " ind2=" ">
    <subfield code="a">&#x91C;&#x94B;&#x936;&#x940; &#x92A;&#x94D;&#x930;&#x932;&#x94D;&#x939;&#x93E;&#x926; &#x928;&#x930;&#x939;&#x930;.</subfield>
  </datafield>
  <datafield tag="245" ind1=" " ind2=" ">
    <subfield code="a">&#x92D;&#x93E;&#x930;&#x924;&#x940;&#x92F; &#x90F;&#x915;&#x93E;&#x924;&#x94D;&#x92E;&#x924;&#x93E;-3-&#x92E;&#x902;&#x926;&#x93F;&#x930;&#x947; &#x935; &#x917;&#x94B;&#x92A;&#x941;&#x930;&#x947;.</subfield>
  </datafield>
  <datafield tag="260" ind1=" " ind2=" ">
    <subfield code="b">&#x936;&#x93F;&#x935; &#x92A;&#x94D;&#x930;&#x915;&#x93E;&#x936;&#x928;,&#x92A;&#x941;&#x923;&#x947;.</subfield>
    <subfield code="c">2000</subfield>
  </datafield>
  <datafield tag="300" ind1=" " ind2=" ">
    <subfield code="a">64</subfield>
    <subfield code="b">&#x92E;&#x92F;&#x941;&#x930;&#x947;&#x937; &#x92C;&#x941;&#x915; &#x90F;&#x91C;&#x928;&#x94D;&#x938;&#x940;,&#x915;&#x930;&#x93E;&#x921;</subfield>
  </datafield>
  <datafield tag="365" ind1=" " ind2=" ">
    <subfield code="b">40</subfield>
  </datafield>
  <datafield tag="520" ind1=" " ind2=" ">
    <subfield code="a">&#x915;&#x932;&#x93E;-&#x935;&#x93E;&#x938;&#x94D;&#x924;&#x941;&#x936;&#x93F;&#x932;&#x94D;&#x92A;&#x915;&#x932;&#x93E;.</subfield>
  </datafield>
  <datafield tag="630" ind1=" " ind2=" ">
    <subfield code="a">&#x92D;&#x93E;&#x930;&#x924;&#x940;&#x92F; &#x90F;&#x915;&#x93E;&#x924;&#x94D;&#x92E;&#x924;&#x93E;-3-&#x92E;&#x902;&#x926;&#x93F;&#x930;&#x947; &#x935; &#x917;&#x94B;&#x92A;&#x941;&#x930;&#x947;.</subfield>
  </datafield>
  <datafield tag="650" ind1=" " ind2=" ">
    <subfield code="a">&#x915;&#x932;&#x93E;-&#x935;&#x93E;&#x938;&#x94D;&#x924;&#x941;&#x936;&#x93F;&#x932;&#x94D;&#x92A;&#x915;&#x932;&#x93E;.</subfield>
  </datafield>
  <datafield tag="730" ind1=" " ind2=" ">
    <subfield code="a">&#x92D;&#x93E;&#x930;&#x924;&#x940;&#x92F; &#x90F;&#x915;&#x93E;&#x924;&#x94D;&#x92E;&#x924;&#x93E;-3-&#x92E;&#x902;&#x926;&#x93F;&#x930;&#x947; &#x935; &#x917;&#x94B;&#x92A;&#x941;&#x930;&#x947;.</subfield>
  </datafield>
  <datafield tag="942" ind1=" " ind2=" ">
    <subfield code="c">BOOK</subfield>
  </datafield>
  <datafield tag="999" ind1=" " ind2=" ">
    <subfield code="c">781468</subfield>
    <subfield code="d">781465</subfield>
  </datafield>
  <datafield tag="952" ind1=" " ind2=" ">
    <subfield code="0">0</subfield>
    <subfield code="1">0</subfield>
    <subfield code="4">0</subfield>
    <subfield code="7">0</subfield>
    <subfield code="a">WAITILAKGS</subfield>
    <subfield code="b">WAITILAKGS</subfield>
    <subfield code="c">796 &#x928; 00</subfield>
    <subfield code="d">0000-00-00</subfield>
    <subfield code="g">40.00</subfield>
    <subfield code="l">0</subfield>
    <subfield code="p">WAITILAKGS-32355</subfield>
    <subfield code="r">2010-09-21 00:00:00</subfield>
    <subfield code="w">2010-09-21</subfield>
    <subfield code="y">BOOK</subfield>
    <subfield code="z">&#x926;&#x947;&#x935;&#x918;&#x947;&#x935;</subfield>
  </datafield>
</record>
